Geography Quiz

Random Geography or State Quiz

Red/Blue States 2012 Election Quiz Stats

 Plays Quiz not verified by Sporcle

Challenge
Share
Tweet
Embed
Score 0/50 Timer 02:00
0 Plays Today
State Red/Blue % Correct
Alabama???
99.8%
Alaska???
95.3%
Arizona???
89.7%
Arkansas???
88%
California???
86.5%
Connecticut???
81.3%
Colorado???
81.1%
Delaware???
80.2%
Florida???
71.8%
Georgia???
69.7%
Hawaii???
69.3%
Idaho???
65.8%
Illinois???
65.4%
Indiana???
55.7%
Louisiana???
46.9%
Kansas???
46.7%
Iowa???
46.2%
Kentucky???
46%
Maine???
45.2%
Massachusetts???
45%
Maryland???
44.7%
Michigan???
43.4%
Mississippi???
43.2%
Minnesota???
41.9%
Montana???
41.7%
State Red/Blue % Correct
Nebraska???
40.7%
Missouri???
39.3%
New Jersey???
37%
Nevada???
36.1%
New Hampshire???
35.9%
New York???
34.8%
New Mexico???
33.6%
North Dakota???
28.8%
North Carolina???
27.5%
Oregon???
27.1%
Oklahoma???
26.9%
Tennessee???
26.4%
Texas???
26.4%
Ohio???
26.2%
Rhode Island???
26.2%
South Carolina???
26.2%
South Dakota???
26.2%
Pennsylvania???
26%
Utah???
25.8%
Vermont???
25%
Wyoming???
23.2%
Virginia???
23%
Washington???
23%
West Virginia???
22.6%
Wisconsin???
22.4%

You're not logged in!

Compare scores with friends on all Sporcle quizzes.
Join for Free
OR
Log In

You Might Also Like...

Show Comments

Extras

Top Quizzes Today


Score Distribution

Your Account Isn't Verified!

In order to create a playlist on Sporcle, you need to verify the email address you used during registration. Go to your Sporcle Settings to finish the process.

Report this User

Report this user for behavior that violates our Community Guidelines.

Details: